Threat: Inside the Soviet Military machine (Record no. 298321)

000 -LEADER
fixed length control field 00278 a2200109 4500
001 - CONTROL NUMBER
control field 63248
082 ## - DEWEY DECIMAL CLASSIFICATION NUMBER
Classification number 353.00947 COC
090 ## - LOCALLY ASSIGNED LC-TYPE CALL NUMBER (OCLC); LOCAL CALL NUMBER (RLIN)
-- 37313
-- 37313
100 ## - MAIN ENTRY--PERSONAL NAME
Personal name Cockburn Andrew
245 ## - TITLE STATEMENT
Title Threat: Inside the Soviet Military machine
260 ## - PUBLICATION, DISTRIBUTION, ETC.
Place of publication, distribution, etc. Lahore
Name of publisher, distributor, etc. PAF Book Club
Date of publication, distribution, etc. 1983
942 ## - ADDED ENTRY ELEMENTS (KOHA)
Institution code [OBSOLETE] NUST-CAE
Call number prefix 353.00947 COC
Holdings
Withdrawn status Lost status Damaged status Not for loan Collection code Permanent Location Current Location Date acquired Total Checkouts Full call number Barcode Date last seen Price effective from Koha item type
          College of Aeronautical Engineering (CAE) College of Aeronautical Engineering (CAE) 04/03/2017   353.00947 COC CAEG-5596 04/05/2017 04/05/2017 Book
© 2023 Central Library, National University of Sciences and Technology. All Rights Reserved.